00801nam a2200265Ia 4500008004100000020001500041050000900056050001400065245005800079245002800137245003800165260001700203260002000220260000900240300001500249300002700264300001100291440001100302500002300313650001600336650002300352650002600375999001900401952011500420170203s9999 xx 000 0 und d a9628851322 a0 30 bIl29 2004 aIllustrated encyclopedia of science and nature : bGeology and change II / cEducational Technologies limited. aHongkong :  bTime Life Asia, c2004 a69 pages : bcolor illustrations ;  c31 cm. vvol. 4 aIncludes glossary. aNavigation. aPhysical Sciences. aScience and nature. c305815d305815 001040aSSISBbSSISBc REFd2017-02-03l0oRef. 030 .Il29 2004pUS- 0697r2017-02-03 00:00:00w2017-02-03yBK